00758 2200265 4500001002100000005001500021035002000036007000300056008004100059040002200100082001800122084002000140090002200160100001900182245007700201300002400278650004400302850001200346043000800358264003200366336002100398337003000419338002300449990002000472INLIS00000000085510820200317020904 a0010-0320000435ta200317s1977 baia g ind d aYOPDYOGbinderda04223a959.89862 a959.89862 NYO p aL 959.89862 NYO p0 aNyokaepenulis10aPelajaran sejarah Bali :buntuk sekolah dasar kelas IV /cpenulis, Nyoka a32 halaman ;c18 cm 4aSejarah--vStudi dan Pengajaran--zBali aYOPDYOG aaio31aDenpasar-Bali :bRia,c1977 2rdacontentateks 2rdamediaatanpa perantara 2rdacarrieravolume a66349-PD/A.2020